000 01045nam a22002417i 4500
999 _c23317
_d23317
003 AR-CdUCM
008 250716b20202020 pe||||| |||| 00| 0 spa d
040 _aMUNICIPALIDAD PROVINCIAL DEL CUSCO
_cBIBLIOTECA MUNICIPAL DEL CUSCO
041 _hspa
082 _a701.1 / V49
_bV49
100 _aVergara Ugarte, Alex - Rosas Atasi, María Pilar
_951228
245 _aModelo de análisis basado en códigos visuales para optimizar la calidad de la animación artística profesional /
260 _aCusco :
_bEdiciones e Impresiones Laurit Graff
_c2020
300 _a208 páginas. :
_bIlustraciones
_c21x15 cm.
505 _aConcepto de Animación -- Función publicitaria -- Función cultural -- Técnicas de animación -- Parámetros de la calidad -- Como modernizar -- Creación de una animación artística
650 _aAnimación
_951229
650 _aFunción cultural
_951230
650 _a Modelo
_943567
650 _aModelizar
_951231
650 _aDescomposición lineal
_951232
942 _2ddc
_cLIBROS
945 _apbjr
_d16-07-2025